00748nam a2200205 i 4500001000700000003000700007005001700014008004100031080002100072245011800093260003400211300002900245490004300274504003600317650001400353700002400367700002700391830004300418852008100461186566SpMaBN20230906222709.0161128s1964 fr |||| | fre d a17(37/38)(082.2)04aLes stoïciens / ctextes traduits par Émile Bréiher ; édités sous la direction de Pierre-Maxime Schuhl. a[Paris : bGallimard, c1964] aLXVI, 1438 p. ; c18 cm.1 aBibliothèque de la Pléiade ; v156 aBibliografía: p. [1395]-1402.07aEstoicos.1 aBréhier, Émile.1 aSchuhl, Pierre-Maxime.0 aBibliothèque de la Pléiade ; v156 aES-MaACLjL-30922 z- enc. cart. z. - Biblioteca Jacinto Martínez Lacalle